000 00954nam a2200217Ia 4500
003 Ost
005 20260507075001.0
008 260507s9999||||xx |||||||||||||| ||und||
020 _a9957291804
040 _cfsecg
041 _aara
082 _a301.24
100 _aعبد المعطي، عبد الباسط
_eمؤلف
245 0 _aالعولمة والتحولات المجتمعية في الوطن العربي /
_c عبد الباسط عبد المعطي
260 _aبنغازي:
_bدار الكتاب الجديد المتحدة,
_c2005
300 _a430 صفحة؛
_bإيضاحات ؛
_c24 سم
520 _aنقد الإيدلوجيا الرأسمالية، العولمة والنظام الاقليمي العربي ، الثقافة في ظل العولمة ، المرأة والإقتصاد والعولمة ،الدولة والمجتمع
653 _aالعولمة
653 _aالوطن العربي
942 _cكتاب
999 _c42078
_d42078